SNL Host-Sudden Death - Statistics

General Stats
  • This quiz has been taken 162 times
  • The average score is 9 of 20
Answers on the Grid
Answers color-coded by a green-red scale on the quiz's grid according to % correct below.
Ariana Grande
Zendaya
Jon Hamm
Robert Pattinson
Alec Baldwin
Michael Keaton
Lewis Hamilton
Adam Driver
Tom Cruise
Pedro Pascal
Kristen Stewart
Benny Blanco
Woody Harrelson
Scarlett Johnasson
Mark Ruffalo
Jack Black
Sandra Bullock
Taylor Swift
Brad Pitt
Millie Bobby Brown
Matt Damon
Florence Pugh
The Weeknd
Timothee Chalamet
Emma Stone
Dermot O'Leary
Gordon Ramsay
Patti Lupone
Travis Kelce
Tom Holland
Ben Stokes
Dave Chappelle
Benedict Cumberbatch
Anne Marie
Paul Mescal
James Franco
Michael Cera
David Schwimmer
Leonardo DiCaprio
Kylie Jenner
 
Answer Stats
Answer % Correct
Ariana Grande
84%
Alec Baldwin
65%
Jon Hamm
63%
Adam Driver
54%
Scarlett Johnasson
51%
Timothee Chalamet
47%
Emma Stone
46%
Jack Black
44%
Kristen Stewart
44%
Pedro Pascal
44%
Woody Harrelson
44%
Dave Chappelle
43%
Michael Keaton
42%
Travis Kelce
41%
Benedict Cumberbatch
39%
Taylor Swift
33%
Paul Mescal
30%
James Franco
29%
Matt Damon
28%
David Schwimmer
15%
No matching quizzes found
Score Distribution
Percent of People with Each Score
Percentile by Number Answered
Your Score History
You have not taken this quiz